Central Library OPAC University of Rajshahi

সাহিত্যে বাস্তবতা / (Record no. 47826)

MARC details
000 -LEADER
fixed length control field 00855nam a22002297a 4500
001 - CONTROL NUMBER
control field 47826
003 - CONTROL NUMBER IDENTIFIER
rucl marc code BD-RjUL
005 - DATE AND TIME OF LATEST TRANSACTION
control field 20211209054412.0
008 - FIXED-LENGTH DATA ELEMENTS--GENERAL INFORMATION
fixed length control field 160810s1985 bg ||||| |||| 00| 0 ben d
020 ## - INTERNATIONAL STANDARD BOOK NUMBER
Terms of availability : TK 15.00
035 ## - SYSTEM CONTROL NUMBER
System control number (BD-RjUL)47945
040 ## - CATALOGING SOURCE
Original cataloging agency BD-RjUL
Language of cataloging ben
Transcribing agency BD-RjUL
041 ## - LANGUAGE CODE
Language code of text/sound track or separate title ben
082 ## - DEWEY DECIMAL CLASSIFICATION NUMBER
Edition number 23
Classification number 891.4409
Author mark and year ISS 1985
100 ## - MAIN ENTRY--PERSONAL NAME
Personal name ইসলাম, আজাহার
9 (RLIN) 145213
245 10 - TITLE STATEMENT
Title সাহিত্যে বাস্তবতা /
Statement of responsibility, etc. আজাহার ইসলাম
260 ## - PUBLICATION, DISTRIBUTION, ETC. (IMPRINT)
Place of publication, distribution, etc. ঢাকা :
Name of publisher, distributor, etc. বাংলা একাডেমী,
Date of publication, distribution, etc. ১৯৮৫
300 ## - PHYSICAL DESCRIPTION
Pagination ১০৮ পৃ. ;
Size ১৭ সেমি.
650 ## - SUBJECT ADDED ENTRY--TOPICAL TERM
Topical term or geographic name as entry element বাংলা সাহিত্য
General subdivision ইতিহাস ও সমালোচনা
9 (RLIN) 145214
Topical term or geographic name as entry element Bengali Literature
General subdivision History & Criticism
9 (RLIN) 145215
942 ## - ADDED ENTRY ELEMENTS (KOHA)
Source of classification or shelving scheme Dewey Decimal Classification
Koha item type Books
Holdings
Lost status Source of classification or shelving scheme Damaged status Not for loan Collection code Permanent Location Current Location Shelving location Date acquired Source of acquisition Cost, normal purchase price Total Checkouts Full call number Date last seen Copy number Koha item type
  Dewey Decimal Classification     Non-fiction Central Library, University of Rajshahi Central Library, University of Rajshahi   29/09/1987 Bangla Academy, Dhaka 15.00   B 891.4409 ISS 1985 10/08/2016 C-2 Books
  Dewey Decimal Classification   Not For Loan Non-fiction Central Library, University of Rajshahi Central Library, University of Rajshahi Reading Room 29/03/1987 Bangla Academy 45.00   B 891.4409 ISS 1985 09/02/2017 C-1 Books